[Event "IHEM 2000"]
[Site "Hamburg"]
[Date "2000.06.10"]
[Round "2.16"]
[White "Schleicher, Guido"]
[Black "Meier, David Geffrey"]
[Result "1-0"]
[WhiteElo "2250"]
[BlackElo "2079"]
[PlyCount "87"]
[EventDate "2000.06.18"]

1. c4 f5 2. e4 fxe4 3. Nc3 Nf6 4. g4 e5 5. g5 Ng8 6. d3 Bb4 7. Bg2 Bxc3+ 8.
bxc3 exd3 9. Be4 Ne7 10. Qxd3 g6 11. h4 d6 12. h5 Kf7 13. Qf3+ Bf5 14. Bxb7 e4
15. Bxe4 c6 16. Ne2 Nd7 17. Bxf5 Nxf5 18. Qxc6 Qe7 19. Qd5+ Qe6 20. Bf4 Nb6 21.
Qxe6+ Kxe6 22. O-O-O Nxc4 23. Nd4+ Nxd4 24. Rxd4 Ne5 25. Rhd1 Rhd8 26. Bxe5
Kxe5 27. hxg6 hxg6 28. Re1+ Kf5 29. Rd5+ Kg4 30. Re6 Kh5 31. Rdxd6 Rxd6 32.
Rxd6 Kxg5 33. Kc2 Rf8 34. Rd2 Rf3 35. c4 Rf8 36. Kc3 Kf4 37. c5 Ke5 38. Kc4 Rc8
39. Re2+ Kf4 40. Kd5 g5 41. c6 Kf3 42. Rc2 g4 43. Kd6 Rh8 44. c7 1-0

[Event "IHEM 2000"]
[Site "Hamburg"]
[Date "2000.06.12"]
[Round "3.1"]
[White "Reddmann, Hauke"]
[Black "Hector, Jonny"]
[Result "1/2-1/2"]
[WhiteElo "2356"]
[BlackElo "2515"]
[PlyCount "55"]
[EventDate "2000.06.18"]

1. d4 d5 2. Bf4 Nf6 3. e3 c5 4. dxc5 Nc6 5. Nf3 e6 6. Nbd2 Bxc5 7. Nb3 Bb6 8.
Bd3 O-O 9. O-O Re8 10. Ne5 Bc7 11. Nxc6 bxc6 12. Bxc7 Qxc7 13. c4 e5 14. cxd5
cxd5 15. Rc1 Qb6 16. Rc5 Bd7 17. Qc1 a5 18. Qc3 a4 19. Nd2 e4 20. Bb1 Rec8 21.
b4 Rxc5 22. bxc5 Qb5 23. Rc1 Rc8 24. f3 Bc6 25. Qd4 Qe2 26. fxe4 dxe4 27. Nxe4
Ng4 28. Qd2 {(=)} 1/2-1/2

[Event "IHEM 2000"]
[Site "Hamburg"]
[Date "2000.06.12"]
[Round "3.2"]
[White "Rogozenko, Dorin"]
[Black "Kopylov, Mihail"]
[Result "1/2-1/2"]
[WhiteElo "2562"]
[BlackElo "2428"]
[PlyCount "123"]
[EventDate "2000.06.18"]

1. c4 e6 2. Nf3 d5 3. d4 c5 4. cxd5 exd5 5. g3 Nc6 6. Bg2 Nf6 7. O-O Be7 8. Nc3
O-O 9. dxc5 Bxc5 10. Bg5 d4 11. Ne4 Be7 12. Bxf6 Bxf6 13. b4 Nxb4 14. Nxf6+
Qxf6 15. Qxd4 Qe7 16. Qe5 Qxe5 17. Nxe5 Re8 18. Rfd1 Bf5 19. e4 Be6 20. a3 Nc2
{(=)} 21. Rab1 Nxa3 22. Rxb7 a5 23. Nc6 a4 24. f4 Nc2 25. f5 Bb3 26. e5 Ne3 27.
Ne7+ Kf8 28. Rdd7 a3 29. Nd5 Nxf5 30. Rxf7+ Kg8 31. Ra7 a2 32. Rxg7+ Nxg7 33.
Nf6+ Kh8 34. Bxa8 Rxe5 35. Be4 Bg8 36. Kf2 Ne8 37. Nxg8 Rxe4 38. Nh6 Re6 39.
Ng4 Rg6 40. Ne3 Rf6+ 41. Ke2 Rh6 42. h4 Rg6 43. g4 Re6 44. Rxa2 Nd6 45. Ra6 Kg8
46. Kf3 Kf7 47. Ra7+ Re7 48. Rxe7+ Kxe7 49. Nf5+ Ke6 50. Nxd6 Kxd6 51. Kf4 Ke6
52. Kg5 Kf7 53. Kf5 Ke7 54. Kg5 Kf7 55. Kf5 Ke7 56. Ke5 Kf7 57. h5 Ke7 58. g5
h6 59. g6 Kf8 60. Kf6 Kg8 61. g7 Kh7 62. Kf7 1/2-1/2

[Event "IHEM 2000"]
[Site "Hamburg"]
[Date "2000.06.12"]
[Round "3.3"]
[White "Georgiev, Vladimir"]
[Black "Loeffler, Stefan"]
[Result "1-0"]
[WhiteElo "2538"]
[BlackElo "2426"]
[PlyCount "75"]
[EventDate "2000.06.18"]

1. d4 d5 2. Nf3 Nf6 3. c4 e6 4. Nc3 Be7 5. Bg5 Nbd7 6. e3 a6 7. cxd5 Nxd5 8.
Bxe7 Qxe7 9. Rc1 N5f6 10. Be2 e5 11. O-O O-O 12. Na4 c6 13. Qb3 exd4 14. Nxd4
c5 15. Qa3 Ne4 16. Bd3 b6 17. Nf5 Qe6 18. Bxe4 Qxe4 19. Nd6 Qc6 20. Rfd1 Ne5
21. Nxc5 bxc5 22. Rxc5 Nf3+ 23. Kh1 Qd7 24. gxf3 Qh3 25. e4 Be6 26. Rg1 Rab8
27. Qc3 g6 28. b3 a5 29. Rxa5 Rfd8 30. Nf5 Bxf5 31. Rxf5 Rb7 32. b4 Rbd7 33.
Qb3 Kg7 34. b5 f6 35. Rd5 Rxd5 36. exd5 Re8 37. b6 Re2 38. b7 1-0

[Event "IHEM 2000"]
[Site "Hamburg"]
[Date "2000.06.12"]
[Round "3.4"]
[White "Reeh, Oliver"]
[Black "Mueller, Karsten"]
[Result "1/2-1/2"]
[WhiteElo "2399"]
[BlackElo "2527"]
[PlyCount "35"]
[EventDate "2000.06.18"]

1. c4 e6 2. Nf3 d5 3. d4 Nf6 4. Bg5 h6 5. Bxf6 Qxf6 6. Nc3 c6 7. e3 Nd7 8. Bd3
g6 9. O-O Bg7 10. cxd5 exd5 11. b4 O-O 12. b5 Qd6 13. bxc6 bxc6 14. Rc1 c5 15.
dxc5 Nxc5 16. Be2 Bb7 17. Nd4 Rfd8 18. Na4 {(=)} 1/2-1/2

[Event "IHEM 2000"]
[Site "Hamburg"]
[Date "2000.06.12"]
[Round "3.5"]
[White "Gyimesi, Zoltan"]
[Black "Hochgraefe, Markus"]
[Result "1-0"]
[WhiteElo "2518"]
[BlackElo "2365"]
[PlyCount "93"]
[EventDate "2000.06.18"]

1. d4 Nf6 2. c4 e6 3. Nf3 b6 4. g3 Bb4+ 5. Bd2 Be7 6. Bg2 c6 7. Nc3 d5 8. O-O
O-O 9. cxd5 cxd5 10. Ne5 Bb7 11. Bg5 Nfd7 12. Bxe7 Qxe7 13. f4 f5 14. Rc1 a6
15. e3 Ra7 16. Rf2 Nxe5 17. dxe5 Nd7 18. Rfc2 Rd8 19. Na4 Ba8 20. Qd4 Rb7 21.
Rc6 Rbb8 22. Rc7 Qe8 23. R1c3 b5 24. Nc5 Nxc5 25. Qxc5 Rb7 26. Qc6 Rxc7 27.
Qxe8+ Rxe8 28. Rxc7 Kf8 29. Ra7 Rc8 30. Bf1 d4 31. exd4 Bd5 32. Rxa6 Rc1 33. b3
b4 34. Kf2 Rc2+ 35. Ke3 Rxh2 36. Bc4 Rg2 37. Bxd5 exd5 38. Ra8+ Kf7 39. Ra7+
Kf8 40. Kf3 Rd2 41. Ke3 Rg2 42. Rd7 Rxg3+ 43. Kf2 Rd3 44. Rxd5 Rd2+ 45. Ke3
Rxa2 46. Rb5 h5 47. d5 1-0

[Event "IHEM 2000"]
[Site "Hamburg"]
[Date "2000.06.12"]
[Round "3.6"]
[White "Berger, Steve"]
[Black "Farago, Ivan"]
[Result "0-1"]
[WhiteElo "2286"]
[BlackElo "2467"]
[PlyCount "64"]
[EventDate "2000.06.18"]

1. e4 e6 2. Qe2 c5 3. f4 Nc6 4. Nf3 d6 5. g3 g6 6. Bg2 Bg7 7. O-O Nge7 8. a4
O-O 9. Na3 b6 10. c3 Qd7 11. Nc2 Na5 12. d4 Nb3 13. Ra3 Nxc1 14. Rxc1 Bb7 15.
a5 Rac8 16. axb6 axb6 17. Rd1 Qc7 18. b4 Ra8 19. Rda1 Rxa3 20. Rxa3 cxb4 21.
Nxb4 Nc6 22. Nxc6 Bxc6 23. e5 Rc8 24. Qa2 Bd5 25. Qa1 Bf8 26. Ng5 Bxg2 27. Kxg2
Qc6+ 28. Kf2 dxe5 29. Ra7 exd4 30. Nxf7 Qxc3 31. Qa2 Qe3+ 32. Kg2 Qe4+ 0-1

[Event "IHEM 2000"]
[Site "Hamburg"]
[Date "2000.06.12"]
[Round "3.7"]
[White "Lanka, Zigurds"]
[Black "Pajeken, Wolfgang"]
[Result "1-0"]
[WhiteElo "2503"]
[BlackElo "2313"]
[PlyCount "57"]
[EventDate "2000.06.18"]

1. e4 Nf6 2. e5 Nd5 3. c4 Nb6 4. d4 d6 5. exd6 exd6 6. Nf3 Be7 7. h3 O-O 8. Bd3
Nc6 9. O-O Nb4 10. Be2 Bf5 11. Na3 d5 12. c5 Nc4 13. Qb3 a5 14. Bf4 Be4 15.
Nxc4 dxc4 16. Bxc4 Bxf3 17. Qxf3 Qxd4 18. b3 Bxc5 19. Bxc7 Qd7 20. Qg3 Qf5 21.
Rad1 b6 22. a3 Nc6 23. Rd5 Qf6 24. Bd6 Rfd8 25. Bxc5 Rxd5 26. Bxd5 bxc5 27. Qc7
Ra7 28. Qb6 Qxf2+ 29. Rxf2 1-0

[Event "IHEM 2000"]
[Site "Hamburg"]
[Date "2000.06.12"]
[Round "3.9"]
[White "Breyther, Ruediger"]
[Black "Schleicher, Guido"]
[Result "1/2-1/2"]
[WhiteElo "2365"]
[BlackElo "2250"]
[PlyCount "107"]
[EventDate "2000.06.18"]

1. e4 c5 2. Nc3 e6 3. Nf3 Nf6 4. d4 cxd4 5. Nxd4 Nc6 6. Ndb5 Bb4 7. a3 Bxc3+ 8.
Nxc3 d5 9. exd5 exd5 10. Bd3 O-O 11. O-O d4 12. Ne2 Re8 13. Bg5 h6 14. Bh4 Bg4
15. Re1 Ne5 16. Qd2 Qb6 17. Bxf6 Qxf6 18. Nxd4 Red8 19. c3 Nc6 20. Nxc6 Qxc6
21. Qe3 Qd5 22. Bc2 Bh5 23. Qe4 Qxe4 24. Bxe4 Rd7 25. f3 Rad8 26. Re2 Bg6 27.
Bxg6 fxg6 28. Kf2 g5 29. h3 Kf7 30. Rae1 Rc8 31. Re4 Rc6 32. R1e2 Rcd6 33. Ra4
b6 34. Rae4 Rd3 35. Re5 Rd1 36. Rf5+ Kg6 37. Rf8 R1d6 38. Kg3 Rd2 {(=)} 39.
Rfe8 Kf7 40. Kf2 R2d6 41. R8e4 Kf6 42. Rc2 Rd1 43. c4 R1d3 44. Re3 Rd2+ 45.
Rxd2 Rxd2+ 46. Re2 Rd3 47. Rc2 h5 48. Ke2 Rb3 49. Kd2 g4 50. hxg4 hxg4 51. fxg4
Kg5 52. Ke2 Kxg4 53. Kf2 g5 54. Rd2 1/2-1/2

[Event "IHEM 2000"]
[Site "Hamburg"]
[Date "2000.06.12"]
[Round "3.10"]
[White "Lindinger, Markus"]
[Black "Bach, Matthias"]
[Result "1/2-1/2"]
[WhiteElo "2316"]
[BlackElo "2352"]
[PlyCount "56"]
[EventDate "2000.06.18"]

1. d4 Nf6 2. Nf3 g6 3. g3 c5 4. c3 Na6 5. Bg2 Bg7 6. O-O O-O 7. Re1 d5 8. Ne5
Bf5 9. Qb3 {(=)} 9... Qc8 10. e3 c4 11. Qd1 b5 12. Nd2 Rb8 13. f3 Nd7 14. f4
Nf6 15. e4 dxe4 16. Nxe4 Nxe4 17. Bxe4 Bxe4 18. Rxe4 Rb6 19. a4 b4 20. Qe2 bxc3
21. bxc3 Rb3 22. Bd2 Nc7 23. Nc6 Qa6 24. Nxe7+ Kh8 25. f5 Rb2 26. Qe3 Qb7 27.
Rf1 Rxd2 28. f6 Bxf6 {(=)} 1/2-1/2

[Event "IHEM 2000"]
[Site "Hamburg"]
[Date "2000.06.12"]
[Round "3.12"]
[White "Trabert, Bettina"]
[Black "Yemelin, Vasily"]
[Result "1/2-1/2"]
[WhiteElo "2273"]
[BlackElo "2540"]
[PlyCount "32"]
[EventDate "2000.06.18"]

1. e4 e5 2. Nf3 Nc6 3. d4 exd4 4. Nxd4 Bc5 5. Be3 Qf6 6. c3 Nge7 7. Bc4 O-O 8.
O-O Bb6 9. Na3 Ne5 10. Bb3 d6 11. f3 Qg6 12. Ndc2 Be6 13. Nb5 Rac8 14. Bxb6
axb6 15. Ne3 Kh8 16. Qe2 Bd7 1/2-1/2

[Event "IHEM 2000"]
[Site "Hamburg"]
[Date "2000.06.12"]
[Round "3.13"]
[White "Engelbert, Christoph"]
[Black "Hegeler, Frank"]
[Result "1-0"]
[WhiteElo "2209"]
[BlackElo "2347"]
[PlyCount "123"]
[EventDate "2000.06.18"]

1. e4 c5 2. c3 d5 3. exd5 Qxd5 4. d4 Nc6 5. Nf3 cxd4 6. cxd4 e5 7. Nc3 Bb4 8.
Bd2 Bxc3 9. Bxc3 e4 10. Ne5 Nxe5 11. dxe5 Ne7 12. Qb3 Qxb3 13. axb3 Be6 14.
Bb5+ Bd7 15. Bxd7+ Kxd7 16. O-O-O+ Ke6 17. Rd6+ Kf5 18. Rd7 Rhe8 19. Rhd1 b5
20. b4 h5 21. R1d6 a6 22. Kd2 Kf4 23. Ke2 h4 24. g3+ hxg3 25. hxg3+ Kf5 26. Ke3
Kg4 27. Kxe4 f5+ 28. Kd3 f4 29. Ke4 fxg3 30. fxg3 g5 31. Rf6 Rac8 32. Re6 Nf5
33. Rxe8 Rxe8 34. Ra7 Nxg3+ 35. Kd5 Ne2 36. Rxa6 Nf4+ 37. Ke4 Kg3 38. Bd2 Ne6
39. Be3 g4 40. Ra1 Rc8 41. Rg1+ Kh3 42. Kf5 Nc7 43. Bc5 g3 44. e6 Kh2 45. Re1
Ne8 46. Kg6 g2 47. Kf7 Kg3 48. e7 Kf3 49. Rd1 Ke2 50. Rg1 Kf3 51. Re1 Nc7 52.
Bg1 Ne8 53. Rd1 Ke2 54. Rd8 Rc1 55. Rxe8 Rxg1 56. Rg8 Rf1+ 57. Ke6 Kf2 58. e8=Q
Re1+ 59. Kd7 Rxe8 60. Kxe8 g1=Q 61. Rxg1 Kxg1 62. Kd7 1-0

[Event "IHEM 2000"]
[Site "Hamburg"]
[Date "2000.06.12"]
[Round "3.14"]
[White "Buhr, Carl Christian"]
[Black "Langrock, Hannes"]
[Result "1-0"]
[WhiteElo "2335"]
[BlackElo "2171"]
[PlyCount "77"]
[EventDate "2000.06.18"]

1. d4 Nf6 2. Nf3 g6 3. c4 Bg7 4. Nc3 O-O 5. e4 d6 6. Be2 Na6 7. Qc2 e5 8. d5 c6
9. O-O Qe7 10. a3 cxd5 11. cxd5 Bd7 12. b4 Nh5 13. Re1 f5 14. Nd2 Nf4 15. Bf1
Rac8 16. Qb3 Bh6 17. Nc4 Kg7 18. g3 Nh5 19. exf5 gxf5 20. f4 e4 21. Be3 Ra8 22.
Na5 Be8 23. Ne2 Kg8 24. Nd4 Bg7 25. Bxa6 bxa6 26. Nac6 Qd7 27. Rac1 Bf7 28.
Nxf5 Bf6 29. Nh6+ Kg7 30. Nxf7 Kxf7 31. Qc4 Rfe8 32. Qxa6 Qh3 33. Qf1 Qg4 34.
Rc4 Rg8 35. Qg2 Bh4 36. Bf2 Rae8 37. Rcxe4 Nxf4 38. Rxf4+ Qxf4 39. Rxe8 1-0

[Event "IHEM 2000"]
[Site "Hamburg"]
[Date "2000.06.12"]
[Round "3.15"]
[White "Meier, David Geffrey"]
[Black "Laqua, Christian"]
[Result "1-0"]
[WhiteElo "2079"]
[BlackElo "2246"]
[PlyCount "80"]
[EventDate "2000.06.18"]

1. d4 Nf6 2. c4 e6 3. Nf3 c5 4. d5 exd5 5. cxd5 Bd6 6. g3 Bc7 7. Bg2 d6 8. O-O
O-O 9. Nc3 a6 10. a4 Re8 11. Nd2 Nbd7 12. Nc4 Rb8 13. Bf4 Nf8 14. a5 Ng6 15.
Bd2 Ne5 16. Nxe5 Rxe5 17. Nb1 Nxd5 18. Na3 b5 19. axb6 Nxb6 20. Ba5 d5 21. f4
Re6 22. Bxb6 Rbxb6 23. Bxd5 Red6 24. e4 Rb4 25. Qe2 Bd7 26. Rfd1 Ba4 27. Rd2
Bb3 28. Nc2 Bc4 29. Qd1 Rxb2 30. Qc1 Rb8 31. Ne3 Bb3 32. Kg2 Kh8 33. Nf5 Rd7
34. Qc3 Qf6 35. Qxf6 gxf6 36. Rxa6 Bxd5 37. exd5 Rbd8 38. d6 Bb8 39. Rc6 Kg8
40. Kf3 h5 {Zeit} 1-0

[Event "IHEM 2000"]
[Site "Hamburg"]
[Date "2000.??.12"]
[Round "3.16"]
[White "Schuetze, Michael"]
[Black "Maahs, Erich"]
[Result "0-1"]
[WhiteElo "2221"]
[BlackElo "2195"]
[PlyCount "62"]
[EventDate "2000.06.18"]

1. Nf3 Nc6 2. g3 e5 3. d3 f5 4. Bg2 Nf6 5. O-O d6 6. c3 g6 7. b4 Qe7 8. b5 Nd8
9. a4 a6 10. Ba3 Bg7 11. e3 O-O 12. Nbd2 Ne6 13. bxa6 c5 14. axb7 Bxb7 15. Qc2
Bc6 16. Bb2 Qc7 17. Ra2 Ra6 18. Rfa1 Rfa8 19. c4 g5 20. d4 Bxf3 21. Nxf3 e4 22.
Nd2 cxd4 23. exd4 d5 24. Rc1 Rc6 25. Bf1 f4 26. Ra3 e3 27. fxe3 fxg3 28. Nf3
Ne4 29. Qg2 g4 30. Ne1 N6g5 31. Bd3 Nh3+ 0-1

[Event "IHEM 2000"]
[Site "Hamburg"]
[Date "2000.06.13"]
[Round "4.3"]
[White "Mueller, Karsten"]
[Black "Farago, Ivan"]
[Result "1-0"]
[WhiteElo "2527"]
[BlackElo "2467"]
[Annotator "Sander,R"]
[PlyCount "47"]
[EventDate "2000.06.18"]

1. e4 e6 2. d4 d5 3. Nc3 Bb4 4. exd5 exd5 5. Bd3 c6 6. Qf3 Qf6 7. Bf4 Bd6 8.
Bxd6 Qxd6 9. O-O-O Be6 10. Nh3 Nd7 11. Ng5 Ngf6 12. Rde1 O-O-O 13. Ne2 Rde8 14.
Nf4 Re7 15. Qg3 Bg4 16. Rxe7 Qxe7 17. f3 h6 18. Re1 Qf8 19. Nxf7 Qxf7 20. Bg6
Qf8 21. fxg4 Qd6 22. Re6 Qf8 23. Bf5 Qf7 24. Rxf6 1-0

[Event "IHEM 2000"]
[Site "Hamburg"]
[Date "2000.06.13"]
[Round "4.4"]
[White "Rogozenko, Dorin"]
[Black "Reeh, Oliver"]
[Result "1/2-1/2"]
[WhiteElo "2562"]
[BlackElo "2399"]
[PlyCount "111"]
[EventDate "2000.06.18"]

1. Nf3 c5 2. c4 g6 3. d4 cxd4 4. Nxd4 Bg7 5. e4 Nc6 6. Be3 Nf6 7. Nc3 O-O 8.
Be2 d6 9. O-O Bd7 10. Rc1 Nxd4 11. Bxd4 Bc6 12. f3 a5 13. c5 Bh6 14. cxd6 Qxd6
15. e5 Qd7 16. f4 Rfd8 17. Bb6 Qxd1 18. Rcxd1 Rxd1 19. Bxd1 Nd5 20. Nxd5 Bxd5
21. a3 e6 22. g3 Bf8 23. Rf2 Ra6 24. Be3 Rc6 25. Rc2 Rxc2 26. Bxc2 b5 27. Kf1
Be7 28. Ke2 Kf8 29. Bb6 a4 30. Ke3 Ke8 31. Kd4 Kd7 32. Bc5 Bd8 33. f5 Ba5 34.
Bb4 Bb6+ 35. Bc5 Ba5 36. fxg6 fxg6 37. Ke3 Ke8 38. Bd3 Bc6 39. Kd4 Kd7 40. Bb4
Bb6+ 41. Bc5 Ba5 42. Ke3 Ke8 43. g4 Bd8 44. Kf4 Kf7 45. Kg3 Bc7 46. Bd4 Ba5 47.
Bc3 Bb6 48. Kf4 Bf2 49. g5 Ke7 50. Kg4 Kd8 51. h4 Be8 52. Kh3 Kc7 53. h5 Be3
54. hxg6 hxg6 55. Kg4 Kb6 56. Bb4 1/2-1/2

[Event "IHEM 2000"]
[Site "Hamburg"]
[Date "2000.06.13"]
[Round "4.5"]
[White "Heyken, Enno"]
[Black "Lanka, Zigurds"]
[Result "1-0"]
[WhiteElo "2331"]
[BlackElo "2503"]
[PlyCount "97"]
[EventDate "2000.06.18"]

1. d4 Nf6 2. Nf3 g6 3. c4 Bg7 4. Nc3 d6 5. e4 O-O 6. Be2 e5 7. d5 Nbd7 8. Bg5
h6 9. Bh4 g5 10. Bg3 Nh5 11. h4 g4 12. Nh2 f5 13. exf5 Nc5 14. Qd2 Bxf5 15. b4
Ne4 16. Nxe4 Bxe4 17. O-O Nf4 18. f3 gxf3 19. Nxf3 Qe8 20. Bxf4 Rxf4 21. g3 Qg6
22. Kh2 Bxf3 23. Bxf3 Rxc4 24. Rac1 Rxc1 25. Rxc1 e4 26. Bg2 Be5 27. Qe3 Rf8
28. Bxe4 Qg7 29. Bg2 Rf6 30. Rf1 Rg6 31. Rf3 c6 32. Qb3 Kh8 33. dxc6 bxc6 34.
Bh3 Qe7 35. Qd3 Rg8 36. Qf5 Qg7 37. Qd3 d5 38. Be6 Re8 39. Qf5 Bd6 40. b5 Qe7
41. Bf7 Qxh4+ 42. Kg2 Bxg3 43. Rxg3 Re2+ 44. Kf3 Re3+ 45. Kxe3 Qxg3+ 46. Kd4
Kg7 47. bxc6 Qg1+ 48. Kxd5 Qd1+ 49. Ke6 1-0

[Event "IHEM 2000"]
[Site "Hamburg"]
[Date "2000.06.13"]
[Round "4.6"]
[White "Kopylov, Mihail"]
[Black "Voigt, Martin"]
[Result "1/2-1/2"]
[WhiteElo "2428"]
[BlackElo "2300"]
[PlyCount "48"]
[EventDate "2000.06.18"]

1. f4 d5 2. Nf3 Nf6 3. g3 Bg4 4. Bg2 Nbd7 5. O-O Bxf3 6. Bxf3 e5 7. fxe5 Nxe5
8. b3 Nxf3+ 9. Rxf3 Qd7 10. Bb2 O-O-O 11. Rxf6 gxf6 12. Bxf6 Bd6 13. Bxd8 Rxd8
14. e3 d4 15. e4 {(=)} 15... f5 16. d3 fxe4 17. Nd2 e3 18. Ne4 Rf8 19. Qe2 Qh3
{(=)} 20. Rf1 Rxf1+ 21. Qxf1 Qh5 22. Kg2 Bb4 23. Qf3 Qxf3+ 24. Kxf3 Be7 1/2-1/2

[Event "IHEM 2000"]
[Site "Hamburg"]
[Date "2000.06.13"]
[Round "4.7"]
[White "Schleicher, Guido"]
[Black "Loeffler, Stefan"]
[Result "0-1"]
[WhiteElo "2250"]
[BlackElo "2426"]
[PlyCount "72"]
[EventDate "2000.06.18"]

1. Nf3 c5 2. e4 e6 3. d4 cxd4 4. Nxd4 Qb6 5. Nb3 Qc7 6. Be2 Nf6 7. Bf3 d6 8.
O-O Be7 9. Nc3 Nc6 10. Nb5 Qb8 11. Bf4 Ne5 12. Bxe5 dxe5 13. c4 b6 14. Qe2 O-O
15. Rfd1 Bd7 16. a4 a6 17. Nc3 Rc8 18. g4 Be8 19. Nc1 Nd7 20. b3 Bc5 21. Nd3
Bd4 22. Rac1 Nc5 23. Nxc5 bxc5 24. Qc2 Bc6 25. Rd3 Qb7 26. Bg2 Rab8 27. Qe2
Qxb3 28. Nb5 Qxa4 29. Ra3 axb5 30. Rxa4 bxa4 31. Qd3 Rb3 32. Qd1 Rcb8 33. Bf1
Bxe4 34. Ra1 Bf3 35. Qc1 Bxa1 36. Qxa1 Rb1 0-1

[Event "IHEM 2000"]
[Site "Hamburg"]
[Date "2000.06.13"]
[Round "4.8"]
[White "Buhr, Carl Christian"]
[Black "Breyther, Ruediger"]
[Result "1/2-1/2"]
[WhiteElo "2335"]
[BlackElo "2365"]
[PlyCount "72"]
[EventDate "2000.06.18"]

1. e4 c5 2. Nf3 e6 3. d4 cxd4 4. Nxd4 Nf6 5. Nc3 d6 6. g4 h6 7. Rg1 Nc6 8. Be3
a6 9. Qe2 Nxd4 10. Bxd4 e5 11. Be3 Be6 12. h4 Qa5 13. Bd2 Qc7 14. g5 hxg5 15.
hxg5 Nd7 16. g6 Nf6 17. O-O-O O-O-O 18. gxf7 Bxf7 19. Bg5 Kb8 20. Nd5 Bxd5 21.
exd5 Be7 22. Kb1 Nh5 23. Be3 Bf6 24. Rg4 Nf4 25. Bxf4 exf4 26. Rxf4 Qb6 27. c4
Rde8 28. Qc2 Qc5 29. Bd3 Rh2 30. a3 a5 31. Ka2 Reh8 32. Re1 Rh1 33. Rfe4 Rxe1
34. Rxe1 Rh2 35. Re3 Be5 36. Be4 g5 1/2-1/2

[Event "IHEM 2000"]
[Site "Hamburg"]
[Date "2000.06.13"]
[Round "4.9"]
[White "Hochgraefe, Markus"]
[Black "Lindinger, Markus"]
[Result "1-0"]
[WhiteElo "2365"]
[BlackElo "2316"]
[PlyCount "103"]
[EventDate "2000.06.18"]

1. c4 e5 2. Nc3 Nf6 3. g3 Nc6 4. Bg2 Bc5 5. e3 d5 6. Nxd5 Nxd5 7. cxd5 Nb4 8.
a3 Nxd5 9. b4 Bb6 10. Bb2 O-O 11. Bxe5 a5 12. bxa5 Rxa5 13. Nf3 Qe7 14. O-O
Rxa3 15. Rxa3 Qxa3 16. Qa1 Qxa1 {(=)} 17. Rxa1 Ne7 18. Bd4 Bxd4 19. Nxd4 Rd8
20. Ra7 c6 21. Kf1 Kf8 22. Ke1 Ke8 23. Nb3 Kd7 24. d4 Kc7 25. Nc5 Kb8 26. Ra3
b6 $2 27. Rb3 Kc7 28. Na4 b5 29. Nc5 Nd5 30. Bxd5 Rxd5 31. Ra3 Kb6 32. Ra8 Rd8
33. h4 Rg8 34. Kd2 f6 35. Kc3 Kc7 36. Ra7+ Kd6 37. e4 h5 38. Rf7 g5 39. Rxf6+
Kc7 40. Rf7+ Kb6 41. hxg5 Rxg5 42. Rh7 Ka5 43. Nb3+ Kb6 44. Kb4 Rg4 45. Nc5 Rg5
46. Nd3 Bg4 47. Ne5 Rxe5 48. dxe5 c5+ 49. Kb3 b4 50. Rh6+ Kb5 51. e6 c4+ 52.
Kc2 1-0

[Event "IHEM 2000"]
[Site "Hamburg"]
[Date "2000.06.13"]
[Round "4.10"]
[White "Bach, Matthias"]
[Black "Berger, Steve"]
[Result "1-0"]
[WhiteElo "2352"]
[BlackElo "2286"]
[PlyCount "65"]
[EventDate "2000.06.18"]

1. d4 Nf6 2. c4 c5 3. d5 e6 4. Nc3 exd5 5. cxd5 d6 6. e4 g6 7. f4 Bg7 8. Nf3
O-O 9. Be2 Bg4 10. O-O Nfd7 11. Re1 Na6 12. Be3 Nc7 13. Bf2 Rb8 14. Bh4 Bf6 15.
Bg3 Re8 16. e5 Bxf3 17. Bxf3 dxe5 18. d6 Na6 19. Nd5 e4 20. Rxe4 Rxe4 21. Bxe4
Bd4+ 22. Kh1 f5 23. Bf3 Nf8 24. Ne7+ Kg7 25. Qb3 Nd7 26. Re1 Nb6 27. Re6 Qf8
28. Nd5 Nxd5 29. Bxd5 b5 30. Bh4 c4 31. Qh3 Re8 32. d7 Rxe6 33. Bxe6 1-0

[Event "IHEM 2000"]
[Site "Hamburg"]
[Date "2000.06.13"]
[Round "4.11"]
[White "Rausis, Igors"]
[Black "Engelbert, Christoph"]
[Result "1-0"]
[WhiteElo "2486"]
[BlackElo "2209"]
[PlyCount "91"]
[EventDate "2000.06.18"]

1. b3 Nc6 2. Bb2 e5 3. e3 g6 4. f4 Bg7 5. Nf3 d6 6. Bc4 Nge7 7. O-O O-O 8. fxe5
Bg4 9. Nc3 Nxe5 10. Nxe5 Bxd1 11. Nxf7 Rxf7 12. Bxf7+ Kh8 13. Raxd1 Qd7 14. Bc4
d5 15. Bd3 c6 16. Rf7 Qe6 17. Rxg7 Kxg7 18. Nxd5+ Kh6 19. Nc7 Qg4 20. Rf1 Rd8
21. Rf3 Rxd3 22. cxd3 Qd7 23. Be5 Nd5 24. Nxd5 Qxd5 25. d4 Qe4 26. Rh3+ Kg5 27.
Rxh7 Qc2 28. Bf4+ Kf5 29. h3 Qxd2 30. Rf7+ Ke6 31. Rxb7 Qxa2 32. Kh2 a5 33. Kg3
Qc2 34. Ra7 Qc3 35. Rb7 Kf5 36. Re7 Qxb3 37. Re5+ Kf6 38. Rxa5 Qc2 39. Re5 Kf7
40. Bg5 Qc4 41. Rc5 Qa6 42. h4 Kg7 43. Kf4 Qc8 44. Re5 Kf7 45. g4 Kg8 46. Bf6
1-0

[Event "IHEM 2000"]
[Site "Hamburg"]
[Date "2000.06.13"]
[Round "4.12"]
[White "Yemelin, Vasily"]
[Black "Maahs, Erich"]
[Result "1-0"]
[WhiteElo "2540"]
[BlackElo "2195"]
[PlyCount "82"]
[EventDate "2000.06.18"]

1. e4 d5 2. exd5 Nf6 3. Nf3 Nxd5 4. d4 Bg4 5. c4 Nb6 6. c5 N6d7 7. Bc4 e6 8. h3
Bh5 9. Nc3 Be7 10. Bf4 O-O 11. g4 Bg6 12. Qe2 Nf6 13. O-O-O Nd5 14. Bxd5 exd5
15. h4 Re8 16. h5 Be4 17. Nxe4 dxe4 18. Qxe4 Nc6 19. d5 Bf6 20. Qa4 Ne5 21.
Bxe5 Bxe5 22. Rhe1 Qf6 23. Nxe5 Rxe5 24. Rxe5 Qxe5 25. Qd4 Qe2 26. Rd2 Qf1+ 27.
Rd1 Qe2 28. a3 Re8 29. d6 cxd6 30. cxd6 Rc8+ 31. Kb1 Qc2+ 32. Ka1 h6 33. d7 Rd8
34. Rd2 Qc1+ 35. Ka2 a5 36. Rd3 Qc6 37. Qd5 Kf8 38. Qxc6 bxc6 39. Kb3 Ke7 40.
Ka4 g6 41. f3 g5 1-0

[Event "IHEM 2000"]
[Site "Hamburg"]
[Date "2000.06.13"]
[Round "4.14"]
[White "Meier, David Geffrey"]
[Black "Trabert, Bettina"]
[Result "1/2-1/2"]
[WhiteElo "2079"]
[BlackElo "2273"]
[PlyCount "45"]
[EventDate "2000.06.18"]

1. d4 d5 2. c4 e6 3. Nf3 c6 4. Nc3 dxc4 5. g3 b5 6. Bg2 Bb7 7. O-O Nd7 8. e4 h6
9. d5 e5 10. Nh4 g6 11. f4 Bg7 12. Nf3 b4 13. dxc6 Bxc6 14. Nd5 Bxd5 15. exd5
e4 16. Ne5 Ngf6 17. Nxc4 O-O 18. Be3 a5 19. Rc1 Rc8 20. Qd2 Nc5 21. Ne5 Qd6 22.
Rfd1 Rfe8 23. Bh3 1/2-1/2

[Event "IHEM 2000"]
[Site "Hamburg"]
[Date "2000.06.13"]
[Round "4.15"]
[White "Langrock, Hannes"]
[Black "Hegeler, Frank"]
[Result "1/2-1/2"]
[WhiteElo "2171"]
[BlackElo "2347"]
[PlyCount "42"]
[EventDate "2000.06.18"]

1. e4 c5 2. d4 cxd4 3. c3 d5 4. exd5 Qxd5 5. cxd4 Nc6 6. Nf3 e5 7. Nc3 Bb4 8.
Bd2 Bxc3 9. Bxc3 e4 10. Nd2 Nf6 11. Bc4 Qg5 12. d5 Ne5 13. Bb5+ Bd7 14. Bxd7+
Nexd7 15. O-O O-O 16. Re1 Rfe8 17. d6 Re6 18. Qa4 Qf4 19. f3 Nb6 20. Qb4 Nfd5
21. Rxe4 Nxb4 1/2-1/2

[Event "IHEM 2000"]
[Site "Hamburg"]
[Date "2000.06.13"]
[Round "4.16"]
[White "Laqua, Christian"]
[Black "Schuetze, Michael"]
[Result "1/2-1/2"]
[WhiteElo "2246"]
[BlackElo "2221"]
[PlyCount "26"]
[EventDate "2000.06.18"]

1. c4 f5 2. g3 Nf6 3. Bg2 g6 4. Nf3 Bg7 5. O-O O-O 6. Nc3 d6 7. d3 a5 8. a3 h6
9. Bd2 e5 10. b4 axb4 11. axb4 Rxa1 12. Qxa1 Nc6 13. Rb1 Be6 1/2-1/2

[Event "IHEM 2000"]
[Site "Hamburg"]
[Date "2000.06.14"]
[Round "5.2"]
[White "Gyimesi, Zoltan"]
[Black "Mueller, Karsten"]
[Result "1/2-1/2"]
[WhiteElo "2518"]
[BlackElo "2527"]
[PlyCount "28"]
[EventDate "2000.06.18"]

1. d4 d5 2. c4 c6 3. Nf3 Nf6 4. Nc3 e6 5. Bg5 dxc4 6. e4 b5 7. a4 Bb7 8. axb5
cxb5 9. Nxb5 Bxe4 10. Bxc4 Bb4+ 11. Nc3 O-O 12. O-O Bxc3 13. bxc3 Nbd7 14. Bd3
Qc7 {(=)} 1/2-1/2